000 00841 a2200253 4500
003 0
005 20160609161703.0
008 110303t xxu||||| |||| 00| 0 eng d
040 _aBUAC
_bFre.
_cBUC
041 _aEng
100 _aDermott, John J.
_915155
100 _lEn.
_915157
240 _aReflections on the history and philosophy of american culture
245 _aStream of experience :
_bReflexions on the History and Philosophy of American Culture
_c /John J. Mc Dermontt ; Norman Grabo
260 _aNew Delhi
_bEd. Asian books
_c1989
300 _a266p.
_c23 cm.
504 _aComprend : Notes p. 242 - 260
630 _aPHILOSOPHIE
_915158
650 _aCulture : Amérique : philosophie
_915159
650 _aPhilosophie américaine
_915160
700 _a Grabo, Norman
_cTrad.,
_915161
942 _cLIVR
999 _c39687
_d39687